| 000 | 01059cam a2200325 a 4500 | ||
|---|---|---|---|
| 003 | CHAP | ||
| 005 | 20220329142112.0 | ||
| 008 | 990624d1996 mx a r 00110 spa d | ||
| 010 | _a78472 | ||
| 011 | _a79444 | ||
| 020 | _a8471145952 | ||
| 035 | _a89672 | ||
| 040 | _cCHAP | ||
| 082 | 0 | 4 |
_a327.94 _bG7 |
| 110 | 1 |
_aGrupo Tindemans _950912 |
|
| 245 | 1 | 0 |
_aEuropa : _busted elige cinco opciones para la Europa de mañana _c/redactor Sammy Van Tuyll Van Serooskerken |
| 260 |
_aMadrid : _bMundi-Prensa, _c1996. |
||
| 300 |
_a118 p. : _bilus. |
||
| 590 |
_aBATCH-UPD _b10 _c20130110 _lUCH01 _h0507 |
||
| 590 |
_aBATCH-UPD _b10 _c20130410 _lUCH01 _h0145 |
||
| 590 |
_aBATCH-UPD _b10 _c20130914 _lUCH01 _h2022 |
||
| 590 |
_aCONVERSION _b10 _c20130109 _lUCH01 _h1343 |
||
| 650 | 1 | 4 |
_aTratados _xEuropa. _9114692 |
| 650 | 1 | 4 |
_aUnión Europea. _9116221 |
| 700 | 0 |
_aSerooskerken, Sammy Van Tuyll Van _eredactor _9105182 |
|
| 901 | _aBK | ||
| 905 | _aBlanca M. García O. | ||
| 942 | _cLIBRO | ||
| 949 |
_a327.94 G7 _bBC _cLIBRO _d33724000729422 _eLIBRO _gc/e _h95862 _i89672 _sb |
||
| 999 |
_c78472 _d78472 |
||